[Event "Malaga op"]
[Site "Malaga"]
[Date "1999.02.11"]
[Round "9"]
[White "Rodriguez Lopez, Rafael"]
[Black "Becerra Rivero, Julio"]
[Result "0-1"]
[WhiteElo "2295"]
[BlackElo "2535"]

1.c4 g6 2.Nc3 Bg7 3.g3 c5 4.Bg2 Nc6 5.e3 e5 6.Nge2 Nge7 7.O-O O-O 8.a3 d6
9.Rb1 a5 10.d3 Rb8 11.Bd2 Be6 12.Nd5 b5 13.cxb5 Bxd5 14.Bxd5 Nxd5 15.bxc6 Qb6
16.Qa4 Ra8 17.Nc3 Ne7 18.e4 Qa6 19.Nd5 Nxd5 20.exd5 Qxd3 21.Rfd1 Qxd5 22.Bxa5 Qa2
23.Qb5 e4 24.Bc3 Bxc3 25.bxc3 e3 26.fxe3 Qe6 27.Qd3 Rfc8 28.Rb6 Rxa3 29.e4 Qe8
30.Qxd6 Qxe4 31.Rb8 Qe3+ 32.Kh1 Qf3+ 33.Kg1 Qxd1+ 34.Qxd1 Rxb8 35.c7 Re8  0-1

[Event "Oz.com qualifier blitz"]
[Site "Internet ICC"]
[Date "2000.03.05"]
[Round "2"]
[White "Stilliger,B"]
[Black "Becerra Rivero,J"]
[Result "0-1"]
[WhiteElo "2359"]
[BlackElo "2541"]

1.e4 c6 2.d3 d5 3.Qe2 g6 4.g3 Bg7 5.Bg2 e6 6.h3 Ne7 7.f4 Nd7 8.Nf3 b6 9.O-O O-O
10.c4 Bb7 11.Nc3 Qb8 12.e5 dxc4 13.dxc4 c5 14.b3 Rd8 15.Be3 a6 16.g4 Qc7
17.Rad1 Nf8 18.Bc1 Nc6 19.Ne4 Rxd1 20.Rxd1 Rd8 21.Nd6 Ba8 22.Be3 f6 23.exf6 Bxf6
24.Ne4 Bg7 25.Rxd8 Qxd8 26.Qd2 Nd4 27.Nxd4 cxd4 28.Ng3 Bxg2 29.Kxg2 Qa8+
30.Kf2 dxe3+ 31.Qxe3 Qd8 32.Ne2 Qd6 33.Kg3 Nd7 34.h4 Nc5 35.Kf2 Qd3  0-1

[Event "Oz.com qualifier blitz"]
[Site "Internet ICC"]
[Date "2000.03.05"]
[Round "3"]
[White "Becerra Rivero,J"]
[Black "Tissir,M"]
[Result "1-0"]
[WhiteElo "2541"]
[BlackElo "2311"]

1.e4 c5 2.Nf3 d6 3.d4 cxd4 4.Nxd4 Nf6 5.Nc3 a6 6.h3 g6 7.g4 Bg7 8.Bg2 O-O
9.O-O Nc6 10.Nde2 Rb8 11.a4 b5 12.axb5 axb5 13.Re1 b4 14.Nd5 Nd7 15.Ra2 e6
16.Ne3 Nde5 17.b3 g5 18.Ng3 Ng6 19.Nc4 Nd4 20.Bb2 Nb5 21.Bxg7 Kxg7 22.Ra5 Nf4
23.Qd2 d5 24.exd5 exd5 25.Qxb4 dxc4 26.Rxb5 Rxb5 27.Qxb5 cxb3 28.cxb3 Nxg2
29.Kxg2 Be6 30.Kg1 h6 31.Qe5+ Kg6 32.Nh5 Rg8 33.b4 Qb8 34.Qe4+ f5 35.Qxe6+  1-0

[Event "Oz.com qualifier blitz"]
[Site "Internet ICC"]
[Date "2000.03.05"]
[Round "4"]
[White "Garbarino,R"]
[Black "Becerra Rivero,J"]
[Result "1-0"]
[WhiteElo "2387"]
[BlackElo "2541"]

1.e4 c6 2.d4 d5 3.Nc3 dxe4 4.Nxe4 Bf5 5.Nc5 Qc7 6.Bd3 Bxd3 7.Nxd3 e6 8.Nf3 Nf6
9.O-O Nbd7 10.c4 Be7 11.Re1 O-O 12.Bf4 Bd6 13.Nfe5 c5 14.Nxd7 Nxd7 15.Bxd6 Qxd6
16.dxc5 Nxc5 17.Nxc5 Qxc5 18.Qb3 b6 19.Qc3 Rfd8 20.Rad1 Rac8 21.b3 b5 22.Qa5 Rxd1
23.Rxd1 g6 24.h3 Kg7 25.cxb5 h5 26.Qd2 e5 27.a4 Rc7 28.b4 Qc4 29.Qd6 Qc3
30.Kh2 Rc4 31.Rd3 Qb2 32.Rf3 Rxb4 33.Qf6+ Kh6 34.Qh8+ Kg5 35.Qd8+ Kh6 36.Qf8+ Kg5
37.Rxf7 Rf4 38.Qe7+ Kh6 39.Rh7+  1-0

[Event "Oz.com qualifier blitz"]
[Site "Internet ICC"]
[Date "2000.03.05"]
[Round "7"]
[White "Becerra Rivero,J"]
[Black "Gulko,B"]
[Result "0-1"]
[WhiteElo "2541"]
[BlackElo "2644"]

1.e4 g6 2.d4 Bg7 3.Nc3 d6 4.Be3 c6 5.h4 Nf6 6.f3 b5 7.Qd2 Nbd7 8.Bh6 Bxh6
9.Qxh6 b4 10.Nd1 e5 11.Qd2 Qb6 12.dxe5 dxe5 13.Ne3 Qd4 14.O-O-O Qxd2+ 15.Rxd2 Ke7
16.Nh3 Nb6 17.Nf2 Be6 18.Ba6 Rad8 19.Rhd1 Rxd2 20.Rxd2 Nfd7 21.b3 Nc5 22.Be2 a5
23.Nd3 Nxd3+ 24.Rxd3 c5 25.c4 f5 26.Rd1 Rf8 27.Bd3 f4 28.Nd5+ Bxd5 29.exd5 Kd6
30.Kb2 a4 31.a3 Ra8 32.Ra1 axb3 33.axb4 Rxa1 34.Kxa1 cxb4 35.Kb2 Kc5 36.Kxb3 Nc8
37.h5 gxh5 38.Bxh7 Nd6 39.Bd3 h4 40.Kc2 Kd4 41.Bf1 e4 42.fxe4 Nxe4 43.Kb3 Kc5
44.Be2 Ng3 45.Bg4 Ne4 46.Be2 Nd6 47.Bf1 Nf5 48.Be2 Nd4+  0-1

[Event "Oz.com qualifier blitz"]
[Site "Internet ICC"]
[Date "2000.03.05"]
[Round "8"]
[White "Sergejev,R"]
[Black "Becerra Rivero,J"]
[Result "1-0"]
[WhiteElo "2377"]
[BlackElo "2541"]

1.Nf3 c5 2.c4 Nc6 3.d4 cxd4 4.Nxd4 g6 5.e4 Bg7 6.Be3 Nf6 7.Nc3 d6 8.Be2 O-O
9.O-O Nxd4 10.Bxd4 Be6 11.Rc1 Qa5 12.b3 a6 13.f3 Rfc8 14.Nd5 Nxd5 15.exd5 Bxd4+
16.Qxd4 Bd7 17.a4 Qc5 18.Qxc5 Rxc5 19.b4 Rc7 20.a5 Rac8 21.Rc3 Be8 22.Rfc1 f5
23.f4 Kg7 24.Kf2 Rb8 25.c5 Rbc8 26.Ke3 Kf6 27.Kd4 h6 28.g3 g5 29.Bf3 Bb5
30.Bg2 Re8 31.Bf3 g4 32.Bg2 h5 33.Re1 Bd7 34.Bf1 h4 35.Rec1 hxg3 36.hxg3 Rec8
37.Bg2 Bb5 38.Re1 Kf7 39.Rec1 Kf6 40.Re1 Kf7 41.Rce3 Be8 42.Rc3 Kf8 43.Bf1 Bd7
44.Rec1 Be8 45.cxd6 Rxc3 46.Rxc3 Rxc3 47.d7 Bxd7 48.Kxc3 Ke8 49.Kd4 Kf7 50.Kc5 Kf6
51.Kb6 e5 52.dxe6 Bc6 53.Bc4 Be4 54.Kc5 Ke7 55.Bd5 Bd3 56.Bxb7 Kxe6 57.Bc8+ Ke7
58.Kb6 Kd6 59.Bxa6 Bc2 60.Bb7  1-0

[Event "Oz.com qualifier blitz"]
[Site "Internet ICC"]
[Date "2000.03.05"]
[Round "9"]
[White "Becerra Rivero,J"]
[Black "Bilyap,E"]
[Result "1-0"]
[WhiteElo "2541"]
[BlackElo "2078"]

1.e4 c5 2.Nf3 Nc6 3.Bb5 g6 4.O-O Bg7 5.Re1 Nf6 6.e5 Nd5 7.Nc3 Nc7 8.Bxc6 dxc6
9.Ne4 Ne6 10.d3 O-O 11.Be3 b6 12.Qd2 Nd4 13.Nxd4 cxd4 14.Bh6 c5 15.Qf4 Bb7
16.Qh4 Bxe4 17.Rxe4 Qd7 18.e6 fxe6 19.Rae1 Rf6 20.Bg5 Raf8 21.Bxf6 Bxf6 22.Qg4 Qd5
23.Qxe6+ Qxe6 24.Rxe6 Rc8 25.b3 Kf7 26.a4 Rc7 27.f4 Rb7 28.Kf2 Rc7 29.Kf3 Rc8
30.g4 h6 31.Kg3 g5 32.f5 Rb8 33.Rc6 Rb7 34.Ree6 Rd7 35.Kf3 Kg7 36.h3 h5 37.gxh5 Kh6
38.Kg4 Rb7 39.Rc8 a6 40.Rcc6 b5 41.a5 b4  1-0

[Event "New York Open"]
[Site "New York USA"]
[Date "2000.05.05"]
[Round "2"]
[White "Becerra Rivero,J"]
[Black "Simpson,R"]
[Result "1-0"]
[WhiteElo "2541"]
[BlackElo "2338"]

1.e4 c5 2.Nf3 d6 3.c3 Nf6 4.Be2 g6 5.O-O Bg7 6.Re1 O-O 7.Bf1 Bg4 8.h3 Bxf3
9.Qxf3 Nc6 10.Na3 Rc8 11.Nc2 d5 12.d3 dxe4 13.dxe4 Ne5 14.Qe2 Qb6 15.f4 Nc6
16.Ne3 Rfd8 17.Qf3 e6 18.Nc4 Qc7 19.a4 Na5 20.f5 exf5 21.Bf4 fxe4 22.Bxc7 exf3
23.Bxd8  1-0

[Event "Mermaid Beach Club GMB"]
[Site "Elbow Beach BER"]
[Date "2001.01.20"]
[Round "2"]
[White "Becerra Rivero,J"]
[Black "Shahade,G"]
[Result "1/2-1/2"]
[WhiteElo "2538"]
[BlackElo "2456"]

1.e4 c5 2.Nf3 d6 3.d4 cxd4 4.Nxd4 Nf6 5.Nc3 a6 6.Be3 e5 7.Nf3 Be7 8.Bc4 O-O
9.Qd3 Be6 10.O-O Bxc4 11.Qxc4 b5 12.Qd3 Nbd7 13.a3 Qc7 14.Rfd1 Rfc8 15.Nd2 h6
16.Nf1 Qc4 17.f3 Qxd3 18.Rxd3 Rc6 19.Bf2 Kf8 20.h4 g6 21.g3 Bd8 22.Rad1 Ke7
23.Ne3 Ne8 24.a4 bxa4 25.Nxa4 Kf8 26.b3 Nb6 27.Nb2 a5 28.Ra1 Nd7 29.Na4 Nb6
30.Rdd1 Nxa4 31.Rxa4 Nc7 32.Rc4 Raa6 33.Rxc6 Rxc6 34.Nc4 Nb5 35.Rd5 Nc3 36.Rxd6 Rxd6
37.Nxd6 a4 38.Nc4 axb3 39.cxb3 f6 40.Kf1 Kf7 41.Ke1 Ke6 42.Kd2 Nb5 43.Kd3 Be7
44.Nb6 Bf8 45.Nd5 f5 46.Nc3 Nc7 47.Kc4 Ne8 48.Bc5 Bxc5 49.Kxc5 g5 50.hxg5 hxg5
51.b4 Nd6 52.exf5+ Nxf5 53.Ne4 Nd4 54.Nxg5+ Kf5 55.b5 Kxg5 56.b6 Nb3+ 57.Kb4 Nd4
58.Kc5 Nb3+ 59.Kd5 Na5 60.Kxe5 Nc4+ 61.Ke6 Nxb6 62.f4+ Kg4 63.f5 Nd7 64.Kxd7 Kxf5  1/2-1/2

[Event "Elbow Beach Club GMB"]
[Site "Paget Parish BER"]
[Date "2001.01.24"]
[Round "6"]
[White "Alvarez,Joh"]
[Black "Becerra Rivero,J"]
[Result "0-1"]
[WhiteElo "2383"]
[BlackElo "2538"]

1.d4 Nf6 2.c4 g6 3.Nc3 Bg7 4.Bg5 O-O 5.e3 c5 6.Nf3 cxd4 7.exd4 d5 8.Be2 Be6
9.cxd5 Nxd5 10.Qd2 Nc6 11.O-O Rc8 12.Rfe1 Nxc3 13.bxc3 Bd5 14.Rab1 Qd7 15.h3 Rfe8
16.Nh2 f5 17.Rb5 b6 18.a4 Na5 19.Nf3 Qb7 20.Bh6 Bf6 21.Qe3 Nc4 22.Bxc4 Bxc4
23.Rb4 Bd5 24.Ne5 Qc7 25.c4 Bxe5 26.dxe5 Be6 27.a5 bxa5 28.Ra4 Qc5 29.Qc3 a6
30.Rc1 Kf7 31.Be3 Qc6 32.Qxa5 Red8 33.c5 Rd3 34.Ra3 Rcd8 35.Rxd3 Rxd3 36.Qb4 Qd5
37.Qh4 h5 38.Qf4 Bd7 39.Qc4 Rd1+ 40.Kh2 Bc6 41.Qxd5+ Rxd5 42.Ra1 Bb5 43.Rc1 Rd7
44.Kg3 Bc6 45.Ra1 Ra7 46.Bd2 Ke6 47.Kf4 Bxg2 48.Rg1 g5+ 49.Kxg5 Ba8 50.Kf4 Bc6
51.Ba5 Kd5 52.Rd1+ Ke6 53.Rg1 h4 54.Rg7 Ra8 55.Bb6 Bb7 56.c6 Bxc6 57.Bc5 Re8
58.Rh7 a5 59.Ba3 a4 60.Rxh4 Kd5 61.Rh7 e6 62.Ra7 Rh8 63.Ra5+ Kd4 64.Ra6 Bb5
65.Rxe6 Rxh3 66.Rb6 Be2 67.Rb4+ Kd5 68.Rxa4 Rh4+  0-1

[Event "Elbow Beach Club GMB"]
[Site "Paget Parish BER"]
[Date "2001.01.25"]
[Round "7"]
[White "Becerra Rivero,J"]
[Black "Thorhallsson,T"]
[Result "1-0"]
[WhiteElo "2538"]
[BlackElo "2462"]

1.e4 e6 2.Nf3 d5 3.Nc3 Nf6 4.e5 Nfd7 5.d4 c5 6.dxc5 Nc6 7.Bf4 Bxc5 8.Bd3 Be7
9.h4 a6 10.h5 b5 11.Qe2 O-O 12.O-O h6 13.Ne4 Nb4 14.Ng3 Bb7 15.Nd4 Bg5 16.Bxg5 Qxg5
17.Rfe1 Rac8 18.Qe3 Nxd3 19.cxd3 Qxe3 20.Rxe3 Rc7 21.f4 Rfc8 22.Nge2 Nc5
23.b3 Bc6 24.g4 Bd7 25.f5 Nb7 26.Rf1 Nd8 27.Rg3 Nc6 28.Nxc6 Rxc6 29.Nd4 Rc1
30.Rg2 Rxf1+ 31.Kxf1 Rc1+ 32.Kf2 Ra1 33.Ke3 exf5 34.Nxf5 Be6 35.Kd4 Kh7 36.Ne3 a5
37.Nxd5 a4 38.Nc7 axb3 39.axb3 Bxb3 40.Nxb5 Be6 41.Nc3 Kg8 42.Ne4 Kf8 43.Nc5 Bc8
44.Kd5 Ke7 45.g5 Rh1 46.g6 Be6+ 47.Kc6 Rxh5 48.d4 Bh3 49.Ra2 fxg6 50.Ra7+ Kf8
51.Kd6 Rh4 52.d5  1-0

[Event "Elbow Beach Club GMB"]
[Site "Paget Parish BER"]
[Date "2001.01.26"]
[Round "8"]
[White "Tyomkin,D"]
[Black "Becerra Rivero,J"]
[Result "1/2-1/2"]
[WhiteElo "2496"]
[BlackElo "2538"]

1.d4 Nf6 2.Nf3 d5 3.c4 c6 4.e3 e6 5.Bd3 Nbd7 6.Nbd2 Bd6 7.O-O O-O 8.e4 e5
9.cxd5 cxd5 10.exd5 exd4 11.Ne4 Nxe4 12.Bxe4 Nf6 13.Qxd4 Nxe4 14.Qxe4 Re8
15.Qd4  1/2-1/2

[Event "Open"]
[Site "Willemstad, Curacao AHO"]
[Date "2001.07.28"]
[Round "4"]
[White "Timman,J"]
[Black "Becerra Rivero,J"]
[Result "1/2-1/2"]
[WhiteElo "2597"]
[BlackElo "2534"]

1.d4 d5 2.c4 c6 3.Nc3 Nf6 4.e3 Bf5 5.cxd5 cxd5 6.Qb3 Bc8 7.Bb5+ Nc6 8.Nf3 e6
9.Ne5 Bd7 10.Nxd7 Qxd7 11.Bd2 Be7 12.O-O O-O 13.Rfc1 Rfc8 14.Na4 Ne4 15.Be1 Nd6
16.Nc5 Qc7 17.Bd3 b6 18.Na6 Qb7 19.a4 Nc4 20.Bxc4 dxc4 21.Qb5 Nb8 22.Nxb8 Raxb8
23.Rxc4 a6 24.Rxc8+ Rxc8 25.Qd3 b5 26.axb5 axb5 27.Bd2 f5 28.f3 Bf6 29.Ra5 Rb8
30.Bb4 f4 31.Bc5 fxe3 32.Qxe3 Qd5 33.Qe4 Qc4 34.b4 Rd8 35.h3 Bxd4+ 36.Bxd4 Rxd4
37.Qe5 Qc1+ 38.Kh2 Qf4+ 39.Qxf4 Rxf4 40.Rxb5 Kf7 41.Kg3 Rc4 42.f4 h5 43.Rb8 Kg6
44.b5 Rc3+ 45.Kh4 Rc4 46.g3 e5 47.Rb6+ Kf7 48.Kg5 h4 49.Kxh4 exf4 50.gxf4 Rxf4+
51.Kg5 Rb4 52.Rb8 Rb3 53.h4 Rb1 54.b6 Rb5+ 55.Kf4 Kg6  1/2-1/2

[Event "Open"]
[Site "Willemstad, Curacao AHO"]
[Date "2001.07.30"]
[Round "5"]
[White "Becerra Rivero,J"]
[Black "Manor,I"]
[Result "1-0"]
[WhiteElo "2534"]
[BlackElo "2502"]

1.e4 d5 2.exd5 Nf6 3.d4 Nxd5 4.Nf3 g6 5.Be2 Bg7 6.O-O O-O 7.c4 Nb6 8.Nc3 Nc6
9.d5 Ne5 10.c5 Nbd7 11.Be3 c6 12.Nxe5 Nxe5 13.f4 Nd7 14.Bf3 cxd5 15.Qxd5 Qc7
16.h3 Nb8 17.Rad1 Nc6 18.Qc4 Be6 19.Bd5 Bxd5 20.Nxd5 Qc8 21.b4 e6 22.Nc3 a6
23.Ne4 Qc7 24.g4 Rad8 25.Rd6 Ne7 26.Bd4 Rxd6 27.Bxg7 Kxg7 28.Nxd6 Rd8 29.Qe4 b6
30.Qe5+ Kg8 31.Nxf7 Qxe5 32.fxe5 Rd2 33.cxb6 Nc6 34.Ng5 Rd8 35.Rc1  1-0

[Event "Open"]
[Site "Willemstad, Curacao AHO"]
[Date "2001.07.31"]
[Round "6"]
[White "Becerra Rivero,J"]
[Black "Tischbierek,R"]
[Result "1-0"]
[WhiteElo "2534"]
[BlackElo "2493"]

1.e4 Nf6 2.e5 Nd5 3.d4 d6 4.Nf3 Bg4 5.Be2 e6 6.O-O Be7 7.c4 Nb6 8.h3 Bxf3
9.Bxf3 Nc6 10.Bxc6+ bxc6 11.Qg4 g6 12.b3 Nd7 13.Rd1 Qb8 14.Bh6 Qb6 15.Qf4 Rg8
16.Bg5 dxe5 17.dxe5 Bxg5 18.Qxg5 Qc5 19.Re1 h6 20.Qg3 O-O-O 21.Nc3 g5 22.Rad1 h5
23.Ne4 Qa5 24.Qe3 g4 25.h4 Rgf8 26.Ng3 Rh8 27.Qf4 Qxa2 28.Ra1 Qb2 29.Rxa7 Rhf8
30.Qe3 Nb8 31.Rea1 Qd4 32.Qg5 Rd7 33.Ra8 Rfd8 34.Nxh5 Qc5 35.Qxg4 Qxe5 36.Qf3 Rd3
37.Qg4 f5 38.Qf4 Rd1+ 39.Rxd1 Rxd1+ 40.Kh2 Qe1 41.Qe3 Qh1+ 42.Kg3 c5 43.Nf4 Kb7
44.Ra5 Nd7 45.Rb5+ Nb6 46.Nxe6 f4+ 47.Nxf4 Rd8 48.Rxc5 Rh8  1-0

[Event "Open"]
[Site "Willemstad, Curacao AHO"]
[Date "2001.08.01"]
[Round "7"]
[White "Macieja,B"]
[Black "Becerra Rivero,J"]
[Result "1-0"]
[WhiteElo "2588"]
[BlackElo "2534"]

1.e4 e5 2.Nf3 Nf6 3.Nxe5 d6 4.Nf3 Nxe4 5.d4 d5 6.Bd3 Be7 7.O-O Nc6 8.c4 Nb4
9.Be2 O-O 10.Nc3 Bf5 11.a3 Nxc3 12.bxc3 Nc6 13.Re1 dxc4 14.Bxc4 Bd6 15.Bg5 Qd7
16.Nh4 Na5 17.Ba2 Be6 18.Bxe6 fxe6 19.Nf3 Rae8 20.Bh4 h6 21.Qd3 Qc6 22.Ne5 Bxe5
23.Rxe5 b6 24.Rae1 Nc4 25.Rh5 Nd6 26.Rxh6 Nf5 27.Rh5 g6 28.Rg5 Nxh4 29.Qg3 Rf6
30.Qxh4 Qxc3 31.Qe4 Kf7 32.h4 Qd2 33.f3 Rd8 34.Rg4 Rd5 35.Re3 a5 36.Rf4 Qc1+
37.Kh2 Qc6 38.Rg4 b5 39.Kh3 b4 40.axb4 axb4 41.Rb3 Qc4 42.Qb1 Rxd4 43.Rxd4 Qxd4
44.Rxb4 Qd7 45.Qc1 e5+ 46.Kg3 Kg7 47.Qc3 Re6 48.Re4 Qd6 49.f4 c5 50.Rxe5 Rxe5
51.fxe5 Qc7 52.Kf2 Kf7 53.Qf3+ Ke6 54.Qf6+ Kd5 55.e6 Qd6 56.Qg5+ Kc6 57.Qxg6 Qd2+
58.Kg3 Qe3+ 59.Kh2 Qe5+ 60.Kh3 Qe3+ 61.g3 Kd6 62.Qf7 Qe4 63.e7 Qh1+ 64.Kg4 Qd1+
65.Kg5  1-0

[Event "III Millennium"]
[Site "Virginia Beach USA"]
[Date "2002.03.02"]
[Round "3"]
[White "Becerra Rivero,J"]
[Black "Shabalov,A"]
[Result "1/2-1/2"]
[WhiteElo "2569"]
[BlackElo "2606"]

1.e4 e5 2.Nf3 Nc6 3.Bb5 a6 4.Ba4 Nf6 5.O-O Be7 6.Re1 b5 7.Bb3 d6 8.c3 O-O
9.h3 Na5 10.Bc2 c5 11.d4 Qc7 12.d5 c4 13.b4 cxb3 14.axb3 Ne8 15.Bd3 g6 16.Bh6 Ng7
17.Re2 f5 18.Rea2 fxe4 19.Bxe4 Nb7 20.b4 a5 21.Qd3 Bd7 22.Na3 Qb6 23.Nc2 a4
24.Na3 Rac8 25.Rc2 Nd8 26.Rac1 Nf7 27.Be3 Qb7 28.c4 bxc4 29.Rxc4 Rxc4 30.Rxc4 Nf5
31.Bd2 Bd8 32.b5 Qa7 33.g4 Nd4 34.Nxd4 exd4 35.f4 Re8 36.Kg2 Bb6 37.Qc2 Bc5
38.Rxa4 Qb7 39.Qd3 Kf8 40.Bf3 Rb8 41.Ra5 Kg8 42.Be1 g5 43.Bd2 gxf4 44.Bxf4 Qb6
45.Nc4 Bxb5 46.Nxb6 Bxd3 47.Rxc5 Rxb6 48.Rc8+ Kg7 49.Rc7 Kf6 50.Be5+  1/2-1/2

[Event "4th Millennium Festival"]
[Site "Virginia Beach USA"]
[Date "2003.03.29"]
[Round "2"]
[White "Becerra Rivero,J"]
[Black "Boudreaux,F"]
[Result "1-0"]
[WhiteElo "2569"]
[BlackElo "2198"]

1.e4 c5 2.Nf3 Nc6 3.Bb5 d6 4.d4 Bd7 5.dxc5 dxc5 6.O-O e6 7.Qe2 Qc7 8.Rd1 Be7
9.Nc3 O-O-O 10.a4 h6 11.Bxc6 Bxc6 12.Rxd8+ Bxd8 13.Nb5 Bxb5 14.axb5 b6 15.g3 g5
16.Nd2 Ne7 17.Nc4 Ng6 18.Qf3 Rh7 19.Bd2 Be7 20.Ra6 Qb7 21.Bc3 h5 22.Bf6 Kc7
23.Bxe7 Nxe7 24.Qf6 Nc8 25.Qe5+ Kd7 26.Ra1  1-0

[Event "4th Millennium Festival"]
[Site "Virginia Beach USA"]
[Date "2003.03.30"]
[Round "5"]
[White "Becerra Rivero,J"]
[Black "Shabalov,A"]
[Result "1-0"]
[WhiteElo "2569"]
[BlackElo "2613"]

1.e4 c5 2.Nf3 d6 3.d4 cxd4 4.Nxd4 Nf6 5.Nc3 g6 6.Be3 Bg7 7.f3 Nc6 8.Qd2 h5
9.Bc4 Bd7 10.Bb3 Na5 11.O-O Rc8 12.Nd5 Nxd5 13.exd5 Qc7 14.Qd3 Nc4 15.Ne6 fxe6
16.dxe6 Bxe6 17.Qxg6+ Kd7 18.Qxg7 Rhg8 19.Qd4 a6 20.Rf2 h4 21.Qxh4  1-0

[Event "It"]
[Site "Los Angeles USA"]
[Date "2003.08.18"]
[Round "1"]
[White "Kretchetov,A"]
[Black "Becerra Rivero,J"]
[Result "0-1"]
[WhiteElo "2335"]
[BlackElo "2569"]

1.Nf3 Nf6 2.c4 g6 3.Nc3 Bg7 4.e4 c5 5.d4 cxd4 6.Nxd4 d6 7.Be2 O-O 8.Be3 Nc6
9.O-O Nxd4 10.Bxd4 Bd7 11.Qd2 Bc6 12.f3 a5 13.Rac1 Nd7 14.Nd5 Bxd4+ 15.Qxd4 e5
16.Qe3 Nc5 17.Rfd1 Bxd5 18.cxd5 Qb6 19.Rc2 f5 20.exf5 Rxf5 21.g3 Raf8 22.Kg2 Kg7
23.h4 h6 24.Rdd2 Qd8 25.Rc4 b5 26.Rxc5 dxc5 27.Bxb5 Qd6 28.Be2 R5f7 29.a4 Rf5
30.Qe4 h5 31.Qe3 R5f7 32.Qe4 Qf6 33.Qe3 Rb8 34.Bb5 Qd6 35.Qe4 Rf5 36.Be2 Rf6
37.Qe3 Rf5 38.b3 Rbf8 39.Qe4 R5f7 40.Qe3 Rf5 41.Rd1 R5f7 42.Rd2 Rd8 43.Bc4 Qf6
44.Rf2 e4 45.Qxe4 Re7 46.Qd3 Re1 47.Qd2 Qa1 48.Qb2+ Qxb2 49.Rxb2 Kf6 50.Kf2 Re7
51.Rd2 Rd6 52.Rd1 Re5 53.Rg1 Rd8 54.Rd1 Rd6 55.Rg1 Kg7 56.Rd1 Kf8 57.Rg1 Rf6
58.f4 Re7 59.Kf3 Rd6 60.Rd1 Ke8 61.Rg1 Kd8 62.Rd1 Kc7 63.Rg1 Rf6 64.g4 hxg4+
65.Rxg4 Kd6 66.Rg5 Ref7 67.Rg4 Rf8 68.Ke4 Re8+ 69.Kf3 Rh8 70.Kg3 Rh6 71.Kf3 Rf7
72.Kg2 Re7 73.Kf3 Re1 74.Rg5 Re7 75.Kg4 Re3 76.h5 gxh5+ 77.Rxh5 Rxh5 78.Kxh5 Rg3
79.Kh4 Rg1 80.Kh3 Ke7 81.Bd3 Kf6 82.Bc4 Kf5 83.d6 Rd1 84.Kg3 Rxd6 85.Kf3 Rd4
86.Ke3 Rxf4 87.Kd3 Rf3+ 88.Ke2 Rh3 89.Kd2 Ke5 90.Kc2 Kd4 91.Be6 Rh2+ 92.Kb1 Kc3  0-1

[Event "It"]
[Site "Los Angeles USA"]
[Date "2003.08.19"]
[Round "2"]
[White "Becerra Rivero,J"]
[Black "Sevillano,E"]
[Result "1/2-1/2"]
[WhiteElo "2569"]
[BlackElo "2490"]

1.e4 e6 2.d4 d5 3.Nc3 Bb4 4.e5 c5 5.a3 Bxc3+ 6.bxc3 Ne7 7.h4 Nbc6 8.Nf3 Bd7
9.h5 h6 10.Rh4 Qa5 11.Bd2 c4 12.Rf4 Rf8 13.Nh4 Qa4 14.Ra2 O-O-O 15.Qg4 f5
16.Qd1 Be8 17.Be2 Rh8 18.g3 Bf7 19.Ra1 Rdg8 20.Be3 Rh7 21.Kd2 a6 22.Qb1 Qa5
23.Qb2 Bxh5 24.Bxh5 g5 25.Ng2 gxf4 26.Nxf4 Nd8 27.Rh1 Nec6 28.Bf3 Rgh8 29.Ng6 Rg8
30.Nf4 Rgh8 31.Ng6 Rg8  1/2-1/2

[Event "It"]
[Site "Los Angeles USA"]
[Date "2003.08.24"]
[Round "7"]
[White "Becerra Rivero,J"]
[Black "Taylor,T"]
[Result "1-0"]
[WhiteElo "2569"]
[BlackElo "2401"]

1.e4 c5 2.Nf3 Nc6 3.Bb5 g6 4.O-O Bg7 5.Re1 e5 6.Bxc6 bxc6 7.b4 cxb4 8.Bb2 d6
9.d4 f6 10.a3 Ne7 11.axb4 O-O 12.c4 g5 13.c5 g4 14.Nfd2 Be6 15.Na3 d5 16.exd5 Nxd5
17.Nc2 Qb8 18.dxe5 fxe5 19.Nc4 Nxb4 20.Bxe5 Qb5 21.Bxg7 Qxc4 22.Na3 Qd5 23.Bxf8 Rxf8
24.Qxd5 Bxd5 25.Red1 a5 26.Nb1 Re8 27.Nc3 Bf7 28.Rxa5 Nd3 29.h4 Bg6 30.Ra6 Re6
31.h5 Bf5 32.Ra7 Rf6 33.Rd2 Nxc5 34.Rd8+ Rf8 35.Rxf8+ Kxf8 36.Ra5  1-0

[Event "82nd NY Masters"]
[Site "New York USA"]
[Date "2003.11.18"]
[Round "4"]
[White "Becerra Rivero,J"]
[Black "Pruess,D"]
[Result "0-1"]
[WhiteElo "2558"]
[BlackElo "2383"]

1.e4 e6 2.d4 d5 3.Nc3 Nf6 4.Bg5 Be7 5.e5 Nfd7 6.h4 c5 7.Nb5 O-O 8.Bxe7 Qxe7
9.Nc7 f6 10.Nxa8 cxd4 11.Nc7 fxe5 12.Qd2 Nf6 13.f3 Qxc7 14.O-O-O Nc6 15.Bb5 Bd7
16.Nh3 Qb6 17.Bxc6 bxc6 18.Rhe1 Rb8 19.b3 c5 20.Rxe5 a5 21.Nf4 a4 22.Kb1 axb3
23.cxb3 Qd6 24.Rde1 c4 25.Qxd4 cxb3 26.Rg5 Qa3 27.Qd2 bxa2+ 28.Ka1 Qb3 29.Qc1 Qb4
30.Ne2 Rc8 31.Nc3 Rxc3 32.Qd2 Qc5 33.Rge5 Rc2 34.Qe3 Qb4  0-1

[Event "84th NY Masters"]
[Site "New York USA"]
[Date "2003.12.02"]
[Round "1"]
[White "Becerra Rivero,J"]
[Black "Eisen,L"]
[Result "1-0"]
[WhiteElo "2558"]
[BlackElo "2238"]

1.e4 e5 2.Nf3 Nc6 3.Bb5 a6 4.Ba4 Nf6 5.d3 d6 6.c3 Be7 7.Nbd2 b5 8.Bb3 Na5
9.Bc2 c5 10.Nf1 Nc6 11.Bg5 Nd7 12.Bd2 Nb6 13.Ng3 Qc7 14.O-O O-O 15.h3 d5
16.exd5 Nxd5 17.d4 exd4 18.cxd4 c4 19.Re1 Be6 20.Qb1 h6 21.Nh5 Rfe8 22.Bh7+ Kh8
23.Bf5 Bf8 24.Bxe6 Rxe6 25.Rxe6 fxe6 26.Qg6 Qd7 27.Re1 Re8 28.Re4 Re7 29.Bxh6 Qe8
30.Qxe8 Rxe8 31.Bd2 b4 32.Nf4 Nxf4 33.Bxf4 c3 34.bxc3 bxc3 35.d5 Nd8 36.Rc4 exd5
37.Rxc3 Ne6 38.Be3 Be7 39.Rc6 Bf6 40.Rxa6 d4 41.Bd2 Nc5 42.Rd6 Ne4 43.Rd7 Nxd2
44.Nxd2 Re2 45.Nf3 Rxa2 46.g4 g5 47.Rd6 Kg7 48.Nxd4 Be5 49.Rd5 Bf6 50.Nf3 Kg6
51.Kg2 Ra3 52.Rf5 Rb3 53.Ne5+ Kg7 54.Nd7 Be7 55.Nc5 Ra3 56.Ne6+ Kg6 57.Rf3 Ra5
58.Nd4 Rd5 59.Nf5 Bd8 60.Rb3 Ra5 61.Rd3 Bf6 62.Rd6 Ra3 63.Ng3 Kf7 64.Ne4 Be7
65.Rh6 Ra4 66.Nc3 Rd4 67.Rc6 Bd8 68.Ne2 Ra4 69.Ng3 Be7 70.Nf5 Bf6 71.Rc4 Ra3
72.Nd6+ Kg6 73.Rc6 Kh7 74.Ne4 Bd8 75.Rd6 Ra8 76.h4 gxh4 77.g5 Ba5 78.Kh3 Rf8
79.Kg4 Be1 80.f4 h3 81.Rh6+  1-0

[Event "87th Marshall CCC"]
[Site "New York USA"]
[Date "2003.12.08"]
[Round "2"]
[White "Becerra Rivero,J"]
[Black "Ehlvest,J"]
[Result "1/2-1/2"]
[WhiteElo "2558"]
[BlackElo "2602"]

1.e4 e5 2.Nf3 Nc6 3.Bb5 a6 4.Ba4 Nf6 5.d3 d6 6.c3 g6 7.Bg5 Bd7 8.Nbd2 Bg7
9.Nf1 O-O 10.Qc1 Nb4 11.cxb4 Bxa4 12.Ne3 Qd7 13.Bxf6 Bxf6 14.O-O Bg7 15.Nd5 Bc6
16.Qc4 Kh8 17.Nc3 b5 18.Qb3 f5 19.Rac1 Bh6 20.Rc2 Rac8 21.Re1 Qg7 22.a4 bxa4
23.Qc4 Bb7 24.Nxa4 Qd7 25.Nc3 c5 26.bxc5 Rxc5 27.Qb3 Rfc8 28.Rce2  1/2-1/2

[Event "87th Marshall CCC"]
[Site "New York USA"]
[Date "2003.12.13"]
[Round "7"]
[White "Fedorowicz,J"]
[Black "Becerra Rivero,J"]
[Result "1-0"]
[WhiteElo "2519"]
[BlackElo "2558"]

1.d4 g6 2.c4 Bg7 3.Nf3 d6 4.g3 Nf6 5.Bg2 O-O 6.O-O c6 7.Nc3 Qa5 8.h3 Qa6
9.Nd2 d5 10.cxd5 cxd5 11.Nb3 e6 12.Bg5 Nbd7 13.Qd2 b5 14.Bxf6 Nxf6 15.Nc5 Qb6
16.b4 Ne8 17.a4 bxa4 18.Rxa4 Nd6 19.e3 Qc7 20.Rfa1 Bd7 21.Ra6 Bc6 22.Qa2 Rfb8
23.Rxa7 Rxa7 24.Qxa7 Qc8 25.Qa3 e5 26.Nxd5 Bxd5 27.Bxd5 exd4 28.e4 Qxh3 29.Qf3 Qh5
30.Qxh5 gxh5 31.Ra7 Kh8 32.Rd7 Bf8 33.e5 Nf5 34.Rxf7 Nh6 35.Rd7 Ng4 36.Nd3 h4
37.gxh4 Bxb4 38.Be4 h5 39.Rh7+ Kg8 40.Rxh5 Bd2 41.Rf5 Kg7 42.Kg2 Rb6 43.Rh5 Nh6
44.f4 Ra6 45.Rg5+ Kf8 46.Rg6 Rxg6+ 47.Bxg6 Ng4 48.Kf3 Nh2+ 49.Ke4 Be3 50.f5 Kg7
51.h5 Ng4 52.Kf3 Nh2+ 53.Kg3 Nf1+ 54.Kg2 Nd2 55.f6+ Kh6 56.f7 Kg7 57.Nc5 Bh6
58.Nd7 Kh8 59.e6  1-0

[Event "87th Marshall CCC"]
[Site "New York USA"]
[Date "2003.12.14"]
[Round "8"]
[White "Shabalov,A"]
[Black "Becerra Rivero,J"]
[Result "1-0"]
[WhiteElo "2597"]
[BlackElo "2558"]

1.e4 e5 2.Nf3 Nf6 3.Nxe5 d6 4.Nf3 Nxe4 5.Nc3 Nxc3 6.dxc3 Be7 7.Bf4 O-O 8.Qd2 Nc6
9.O-O-O Be6 10.Kb1 Rb8 11.h4 b5 12.Ng5 b4 13.c4 Qd7 14.Bd3 h6 15.Nxe6 fxe6
16.Qe3 Bf6 17.Qe4 Kf7 18.g4 Ke8 19.g5 hxg5 20.hxg5 Be5 21.Be3 d5 22.cxd5 exd5
23.Qh7 Kd8 24.Be4 Rb5 25.f4 Bc3 26.Qh3 Qd6 27.Qf1 a6 28.bxc3  1-0

[Event "85th NY Masters"]
[Site "New York USA"]
[Date "2003.12.16"]
[Round "4"]
[White "Becerra Rivero,J"]
[Black "Golod,V"]
[Result "0-1"]
[WhiteElo "2558"]
[BlackElo "2544"]

1.e4 e5 2.Nf3 Nc6 3.Bb5 a6 4.Ba4 Nf6 5.d3 d6 6.c3 g6 7.Bg5 h6 8.Bh4 Bd7 9.Nbd2 Be7
10.O-O g5 11.Bg3 h5 12.h4 g4 13.Ng5 Nh7 14.f4 exf4 15.Bxf4 Nxg5 16.hxg5 Bxg5
17.Qb3 b5 18.Bxg5 Qxg5 19.Qxf7+ Kd8 20.Bb3 Ne5 21.Qf2 Nxd3 22.Qd4 Ne5 23.a4 Ke7
24.axb5 axb5 25.Rxa8 Rxa8 26.Qd5 Rf8 27.Rxf8 Kxf8 28.Nf1 g3 29.Qa8+ Be8 30.Qa7 Qf4
31.Qd4 h4 32.Be6 Ke7 33.Bh3 Bd7 34.Bxd7 Kxd7 35.Qe3 Qxe3+ 36.Nxe3 Nc4 37.Nf5 Nxb2
38.Kf1 Nd1 39.Ke2 Nxc3+ 40.Kd3 h3  0-1

[Event "North American Open"]
[Site "Las Vegas USA"]
[Date "2003.12.29"]
[Round "6"]
[White "Becerra Rivero,J"]
[Black "Watson,J"]
[Result "1-0"]
[WhiteElo "2558"]
[BlackElo "2362"]

1.e4 e6 2.d4 d5 3.Nc3 Bb4 4.e5 c5 5.a3 Bxc3+ 6.bxc3 Ne7 7.h4 Nbc6 8.Nf3 Qa5
9.Bd2 f6 10.h5 fxe5 11.h6 gxh6 12.Nxe5 Nxe5 13.dxe5 Ng6 14.f4 Bd7 15.c4 Qc7
16.cxd5 exd5 17.Qh5 O-O-O 18.Be2 Rdf8 19.O-O Bf5 20.Bf3 c4 21.Rf2 c3 22.Be3 d4
23.Bxd4 Nxf4 24.Qxh6 Ne6 25.Qe3 Nxd4 26.Qxd4 b6 27.Re1 Rd8 28.Qf4 Be6 29.Qf6 Rhe8
30.a4 Rd2 31.Bh5 Rxf2 32.Qxf2 Rg8 33.Bf3 Qg7 34.Re3 Rd8 35.Be4 Bd5 36.Qe1 h5
37.Kh1 Kb8 38.Bf3 Qg5 39.Rxc3 Re8 40.Re3  1-0